| 000 | 00608nam a2200229Ia 4500 | ||
|---|---|---|---|
| 001 | 1098 | ||
| 003 | GE_BSU | ||
| 008 | 181216s||||||||xx |||||||||||||| ||und|| | ||
| 020 | _a9785970417737 | ||
| 040 | _cGE_BSU | ||
| 080 | _a577.1(075.8) | ||
| 100 | _aТюкавкина,Н.А. Бауков, Ю.И. Зурабян,С.Э. | ||
| 245 | _aБиоорганическая химия. | ||
| 245 | _bУчебник | ||
| 260 | _aМосква | ||
| 260 | _bГеотар | ||
| 260 | _c2011 | ||
| 300 | _a416стр. | ||
| 541 | _h120л. | ||
| 653 | _aБиоорганическая химия. | ||
| 942 | _cBK | ||
| 999 |
_c35250 _d35250 |
||